[Event "España ch-2015 sub-16"]
[Site "Salobreña ESP"]
[Date "2015.07.23"]
[Round "6.31"]
[White "De La Pena Garcia, Blanca"]
[Black "Garcia Martin, Marta"]
[Result "1/2-1/2"]
[WhiteElo "1808"]
[BlackElo "2166"]
[PlyCount "120"]
[EventDate "2015.07.20"]
[EventType "swiss"]
[EventRounds "9"]
[EventCountry "ESP"]
[Source "lmi"]
[SourceDate "2015.07.20"]

1. e4 c5 2. Nf3 e6 3. d3 Nc6 4. g3 Nf6 5. Bg2 d6 6. O-O Be7 7. c3 O-O 8. Re1
Bd7 9. d4 cxd4 10. cxd4 d5 11. e5 Ne4 12. Nbd2 Nxd2 13. Bxd2 Qb6 14. Bc3 a5 15.
h4 Na7 16. a4 Rfc8 17. Ng5 h6 18. Nh3 Bb4 19. Re3 Bxc3 20. bxc3 Qd8 21. Nf4 Rc7
22. Nh5 Kh8 23. Qg4 Qf8 24. Qf3 Nc8 25. g4 Ne7 26. Qg3 b5 27. axb5 Bxb5 28. f4
Rc6 29. Bh3 a4 30. g5 Nf5 31. Bxf5 exf5 32. Qf3 Bc4 33. Ng3 Qc8 34. Nf1 a3 35.
Nd2 Qa6 36. Qd1 a2 37. Qc2 Rb6 38. Kf2 Qa3 39. Nxc4 dxc4 40. Re2 Rba6 41. Rd2
hxg5 42. hxg5 g6 43. d5 Qc5+ 44. Kg2 Kg7 45. d6 R6a7 46. Qd1 Qe3 47. d7 Rd8 48.
Raxa2 Rdxd7 49. Rac2 Ra1 50. Qxa1 Rxd2+ 51. Rxd2 Qxd2+ 52. Kf3 Qd3+ 53. Kf2
Qc2+ 54. Kg3 Qd2 55. Kf3 Qd5+ 56. Kg3 Qe4 57. Qc1 Qd3+ 58. Kf2 Kg8 59. Kg2 Kf8
60. Qa3+ Kg7 1/2-1/2

[Event "España ch-2015 sub-16"]
[Site "Salobreña ESP"]
[Date "2015.07.23"]
[Round "6.32"]
[White "Lacruz Algarate, Alvaro"]
[Black "Losa Ordonez, Juan Jose"]
[Result "0-1"]
[WhiteElo "2072"]
[BlackElo "1822"]
[PlyCount "68"]
[EventDate "2015.07.20"]
[EventType "swiss"]
[EventRounds "9"]
[EventCountry "ESP"]
[Source "lmi"]
[SourceDate "2015.07.20"]

1. e4 e6 2. d4 d5 3. e5 c5 4. c3 Qb6 5. Nf3 Nc6 6. a3 Nh6 7. b4 cxd4 8. cxd4
Nf5 9. Be3 Bd7 10. Be2 Rc8 11. O-O Be7 12. g4 Nxe3 13. fxe3 a6 14. Qd2 O-O 15.
Nc3 Na7 16. Rac1 Rc7 17. Bd3 Rfc8 18. Bb1 a5 19. Na2 Rxc1 20. Nxc1 axb4 21.
axb4 Qxb4 22. Qd3 g6 23. Na2 Qb2 24. Rf2 Qb5 25. Qd1 Qa4 26. Qd2 Nb5 27. Bd3
Qa3 28. e4 Nc3 29. Nxc3 Rxc3 30. Ne1 Bh4 31. Rxf7 Kxf7 32. Qf4+ Kg8 33. Nc2 Qf8
34. Qd2 Qf2+ 0-1

[Event "España ch-2015 sub-16"]
[Site "Salobreña ESP"]
[Date "2015.07.23"]
[Round "6.33"]
[White "Porlan Minarro, Antonio"]
[Black "Rodriguez Sanz, Ismael"]
[Result "1/2-1/2"]
[WhiteElo "2040"]
[BlackElo "1816"]
[PlyCount "62"]
[EventDate "2015.07.20"]
[EventType "swiss"]
[EventRounds "9"]
[EventCountry "ESP"]
[Source "lmi"]
[SourceDate "2015.07.20"]

1. e4 c5 2. c4 Nc6 3. Nc3 d6 4. g3 g6 5. Bg2 Bg7 6. Nge2 e6 7. d3 Nge7 8. O-O
O-O 9. Be3 Nd4 10. Qd2 Bd7 11. Bh6 Bc6 12. Bxg7 Kxg7 13. f4 Nxe2+ 14. Nxe2 f5
15. d4 fxe4 16. dxc5 dxc5 17. Qc3+ Kg8 18. Rfd1 Qc7 19. Qe3 Nf5 20. Qxc5 b6 21.
Qa3 Rad8 22. Qb3 Rxd1+ 23. Rxd1 Rd8 24. a3 Rxd1+ 25. Qxd1 e5 26. fxe5 Qxe5 27.
Qd8+ Kf7 28. g4 Qc5+ 29. Kh1 Ne7 30. Qd4 Qxd4 31. Nxd4 Kf6 1/2-1/2

[Event "España ch-2015 sub-16"]
[Site "Salobreña ESP"]
[Date "2015.07.23"]
[Round "6.34"]
[White "Lechuga Cabrero, Luis Miguel"]
[Black "Goni Navarro, Pablo"]
[Result "0-1"]
[WhiteElo "1795"]
[BlackElo "1978"]
[PlyCount "60"]
[EventDate "2015.07.20"]
[EventType "swiss"]
[EventRounds "9"]
[EventCountry "ESP"]
[Source "lmi"]
[SourceDate "2015.07.20"]

1. e4 c5 2. d4 cxd4 3. c3 dxc3 4. Nxc3 Nc6 5. Nf3 a6 6. Bc4 e6 7. O-O Nge7 8.
Bg5 h6 9. Be3 b5 10. Bb3 Bb7 11. Nd5 Nxd5 12. exd5 Na5 13. dxe6 dxe6 14. Qe2
Nxb3 15. axb3 Be7 16. Rfd1 Qb8 17. Nd4 O-O 18. Qg4 Kh7 19. Rd3 Qe5 20. Rad1 Qe4
21. Qg3 Rad8 22. f3 Qh4 23. Qc7 Bd5 24. Bf2 Qf6 25. Qc2 Kh8 26. Ra1 Ra8 27. Bg3
Rfc8 28. Qd2 Qg6 29. Kh1 h5 30. Qf4 Qxd3 0-1

[Event "España ch-2015 sub-16"]
[Site "Salobreña ESP"]
[Date "2015.07.23"]
[Round "6.35"]
[White "Rodriguez Sanz, Gabriel"]
[Black "Lagos Lejarraga, Jon"]
[Result "0-1"]
[WhiteElo "1654"]
[BlackElo "1965"]
[PlyCount "104"]
[EventDate "2015.07.20"]
[EventType "swiss"]
[EventRounds "9"]
[EventCountry "ESP"]
[Source "lmi"]
[SourceDate "2015.07.20"]

1. d4 Nf6 2. Nf3 c5 3. e3 g6 4. Bd3 Bg7 5. O-O O-O 6. Nbd2 b6 7. b3 Bb7 8. Bb2
Nc6 9. c4 cxd4 10. Nxd4 d6 11. Nxc6 Bxc6 12. e4 Qc7 13. Qe2 Nd7 14. Bxg7 Kxg7
15. Nf3 a6 16. Rac1 Rac8 17. Rfe1 Rfd8 18. Qb2+ Kg8 19. Nd4 Nc5 20. Bb1 e5 21.
Nxc6 Qxc6 22. Rc3 Ne6 23. Rec1 Rc7 24. Bd3 Rdc8 25. Qd2 Qc5 26. h3 Qd4 27. Qc2
Qc5 28. Qb2 Qd4 29. Qc2 Kg7 30. g3 b5 31. Qe2 b4 32. R3c2 a5 33. Rd2 Qb6 34.
Qe3 Nd4 35. Kg2 Qc5 36. h4 h5 37. Be2 Rc6 38. Rcd1 a4 39. Rxd4 exd4 40. Rxd4
axb3 41. axb3 Ra8 42. Qd3 Qe5 43. f4 Qf6 44. Bf3 Ra2+ 45. Kh3 Rca6 46. Bg2 Rf2
47. e5 dxe5 48. fxe5 Qe6+ 49. g4 hxg4+ 50. Kg3 Raa2 51. Bd5 Qxe5+ 52. Kxg4 f5+
0-1

[Event "España ch-2015 sub-16"]
[Site "Salobreña ESP"]
[Date "2015.07.23"]
[Round "6.36"]
[White "Llamas Guevara, Francisco Jose"]
[Black "Guniaeva, Olga"]
[Result "1-0"]
[WhiteElo "1945"]
[BlackElo "1800"]
[PlyCount "109"]
[EventDate "2015.07.20"]
[EventType "swiss"]
[EventRounds "9"]
[EventCountry "ESP"]
[Source "lmi"]
[SourceDate "2015.07.20"]

1. e4 c6 2. Ne2 d5 3. e5 Bf5 4. d4 e6 5. Ng3 Ne7 6. c3 Bg6 7. Nd2 Nf5 8. Nf3
Be7 9. Bd3 Nh4 10. Nxh4 Bxh4 11. O-O O-O 12. f4 Bxd3 13. Qxd3 Nd7 14. f5 Qb6
15. Kh1 c5 16. b3 cxd4 17. cxd4 f6 18. Ba3 Rf7 19. fxe6 Qxe6 20. Nf5 Bg5 21. h4
Bh6 22. Nxh6+ gxh6 23. Rae1 f5 24. Rf4 Kh8 25. Ref1 Rg8 26. R1f2 Rg4 27. Rxf5
Rxh4+ 28. Kg1 Rxd4 29. Qxd4 Rxf5 30. Rxf5 Qxf5 31. e6+ Nf6 32. e7 Kg8 33. Qxf6
Qxf6 34. e8=Q+ Kg7 35. Qe7+ Kg6 36. Qxf6+ Kxf6 37. Kf2 Kf5 38. Ke3 Kg4 39. Bd6
Kf5 40. Kd4 Ke6 41. Bb8 a6 42. g4 b6 43. Bf4 h5 44. gxh5 Kf5 45. Bd2 Ke6 46. h6
Kd6 47. a4 a5 48. Bg5 Ke6 49. Bd8 Kf5 50. Kxd5 Kg6 51. Bxb6 Kxh6 52. Bxa5 Kg6
53. Bc7 Kf7 54. a5 Ke7 55. Ke4 1-0

[Event "España ch-2015 sub-16"]
[Site "Salobreña ESP"]
[Date "2015.07.23"]
[Round "6.37"]
[White "Guerrero Mendez, Luis"]
[Black "Chao Vale, Fernando"]
[Result "1/2-1/2"]
[WhiteElo "1732"]
[BlackElo "1937"]
[PlyCount "124"]
[EventDate "2015.07.20"]
[EventType "swiss"]
[EventRounds "9"]
[EventCountry "ESP"]
[Source "lmi"]
[SourceDate "2015.07.20"]

1. e4 c5 2. c4 Nc6 3. Nc3 d6 4. g3 g6 5. Bg2 Bg7 6. Nge2 Nf6 7. O-O O-O 8. d3
Rb8 9. Be3 a6 10. d4 Ng4 11. Qd2 cxd4 12. Bxd4 Nxd4 13. Nxd4 Ne5 14. b3 Bd7 15.
Rac1 Nc6 16. Nde2 Bg4 17. h3 Bxe2 18. Nxe2 Qb6 19. Kh2 Nd4 20. Nc3 Rbe8 21. Nd5
Qd8 22. Qb4 e6 23. Ne3 Qd7 24. Rfd1 e5 25. c5 dxc5 26. Rxc5 Rc8 27. Nd5 Rxc5
28. Qxc5 Qb5 29. Qxb5 Nxb5 30. Ne7+ Kh8 31. Rd7 Rb8 32. a4 Nd4 33. b4 Bf6 34.
Nd5 Kg7 35. f4 Ne6 36. Nxf6 Kxf6 37. fxe5+ Kxe5 38. Rxf7 h5 39. Rd7 Nf8 40.
Rd5+ Ke6 41. h4 Re8 42. Bh3+ Kf6 43. e5+ Rxe5 44. Rxe5 Kxe5 45. Bc8 b6 46. Bxa6
Kd4 47. a5 bxa5 48. bxa5 Kc5 49. Bd3 Ne6 50. a6 Kb6 51. Bxg6 Kxa6 52. Bxh5 Kb6
53. Kh3 Kc7 54. Kg4 Kd6 55. Kf5 Ke7 56. Bd1 Nd4+ 57. Kg6 Kf8 58. Kh7 Nf5 59. g4
Nxh4 60. Kh6 Ng2 61. Kg5 Ne3 62. Bb3 Nxg4 1/2-1/2

[Event "España ch-2015 sub-16"]
[Site "Salobreña ESP"]
[Date "2015.07.23"]
[Round "6.38"]
[White "Martin Iribar, Ander"]
[Black "Lerendegui Lasa, Odei"]
[Result "0-1"]
[WhiteElo "1935"]
[BlackElo "1797"]
[PlyCount "76"]
[EventDate "2015.07.20"]
[EventType "swiss"]
[EventRounds "9"]
[EventCountry "ESP"]
[Source "lmi"]
[SourceDate "2015.07.20"]

1. d4 d5 2. c4 e5 3. dxe5 d4 4. a3 Nc6 5. e3 Nge7 6. exd4 Qxd4 7. Qxd4 Nxd4 8.
Ra2 Bf5 9. Nd2 O-O-O 10. Ngf3 Nec6 11. Nxd4 Nxd4 12. b4 Re8 13. Nf3 Nxf3+ 14.
gxf3 Rxe5+ 15. Be2 Bd3 16. Be3 Bxe2 17. Kxe2 c5 18. Rd1 Be7 19. bxc5 Bxc5 20.
Rd5 Rhe8 21. f4 Rxd5 22. cxd5 Kd7 23. Kd3 Rc8 24. Rc2 b6 25. Bxc5 Rxc5 26. Rxc5
bxc5 27. a4 Kd6 28. Kc4 f5 29. a5 a6 30. f3 g6 31. h3 h6 32. h4 h5 33. Kc3 Kxd5
34. Kd3 c4+ 35. Kc3 Kc5 36. Kc2 Kb4 37. Kb2 Kxa5 38. Kc2 Kb4 0-1

[Event "España ch-2015 sub-16"]
[Site "Salobreña ESP"]
[Date "2015.07.23"]
[Round "6.39"]
[White "Morona Minguez, Miguel"]
[Black "Zuniga Arraras, Marina"]
[Result "1-0"]
[WhiteElo "1924"]
[BlackElo "1781"]
[PlyCount "109"]
[EventDate "2015.07.20"]
[EventType "swiss"]
[EventRounds "9"]
[EventCountry "ESP"]
[Source "lmi"]
[SourceDate "2015.07.20"]

1. e4 e5 2. Nf3 Nc6 3. Bb5 Nge7 4. O-O g6 5. c3 Bg7 6. d3 O-O 7. Re1 d6 8. h3
a6 9. Ba4 h6 10. d4 Kh7 11. dxe5 dxe5 12. Nbd2 Be6 13. Bc2 f5 14. Qe2 fxe4 15.
Nxe4 Qc8 16. g4 Kg8 17. Nc5 Bd5 18. Be4 Bxe4 19. Qxe4 Kh7 20. Nd3 Rf6 21. Kg2
Rd6 22. Be3 Nd5 23. Ndxe5 Nxe3+ 24. Rxe3 Re6 25. Qd5 Nxe5 26. Nxe5 c6 27. Qd4
Qc7 28. Rae1 Rd8 29. Qf4 Rf8 30. Qg3 Ref6 31. Nd3 Qb6 32. R1e2 R6f7 33. Ne5
Bxe5 34. Qxe5 a5 35. Qd6 Rd8 36. Qg3 Rdf8 37. Re7 Qc5 38. Qe5 Qxe5 39. R2xe5
Kg7 40. Rxf7+ Kxf7 41. Rxa5 Rd8 42. Ra7 Rd7 43. a4 Ke6 44. a5 Kd6 45. a6 bxa6
46. Rxd7+ Kxd7 47. f4 Ke6 48. Kf3 Kd5 49. b3 c5 50. Ke3 a5 51. c4+ Kd6 52. Ke4
Ke6 53. f5+ gxf5+ 54. gxf5+ Kf6 55. Kf4 1-0

[Event "España ch-2015 sub-16"]
[Site "Salobreña ESP"]
[Date "2015.07.23"]
[Round "6.40"]
[White "Malon Insausti, Andres"]
[Black "Redondo Benavente, Ana"]
[Result "0-1"]
[WhiteElo "1586"]
[BlackElo "1920"]
[PlyCount "116"]
[EventDate "2015.07.20"]
[EventType "swiss"]
[EventRounds "9"]
[EventCountry "ESP"]
[Source "lmi"]
[SourceDate "2015.07.20"]

1. e4 e6 2. d4 d5 3. Nc3 dxe4 4. Nxe4 Nf6 5. Nxf6+ Qxf6 6. Nf3 h6 7. c3 Bd6 8.
Bd3 O-O 9. O-O Nd7 10. Be3 Rb8 11. Nd2 Qh4 12. h3 f5 13. Nf3 Qf6 14. Qd2 f4 15.
Rae1 fxe3 16. Qxe3 Re8 17. Qe4 Nf8 18. Ne5 Bxe5 19. dxe5 Qe7 20. f4 Qc5+ 21.
Kh1 b6 22. Qe2 Bb7 23. f5 exf5 24. Bxf5 Bc8 25. Bd3 Be6 26. Rd1 Rbd8 27. Rfe1
Bf7 28. Qc2 Bc4 29. b4 Bxd3 30. Rxd3 Qc4 31. Rde3 Re6 32. Re4 Qd3 33. Qb3 Qd5
34. Qc2 Qd2 35. Qb3 Kh7 36. Qb1 Kh8 37. Rf1 Rg6 38. Rg1 Qxc3 39. Rf4 Rg3 40.
Rh4 Ng6 41. Rh5 Nf4 42. Qf5 Nxh5 43. Qxh5 Rg5 44. Qf7 Qxe5 45. a4 Re8 46. a5
bxa5 47. bxa5 Qe2 48. Qxc7 a6 49. Qc6 Rf8 50. Qb7 Rf1 51. Rxf1 Qxf1+ 52. Kh2
Qf4+ 53. Kh1 Rb5 54. Qc8+ Kh7 55. Qc2+ g6 56. Qd3 Qf5 57. Qd2 Rb1+ 58. Kh2 Qe5+
0-1

[Event "España ch-2015 sub-16"]
[Site "Salobreña ESP"]
[Date "2015.07.24"]
[Round "7.1"]
[White "Plazuelo Pascual, Juan"]
[Black "Domingo Nunez, Ruben"]
[Result "1/2-1/2"]
[WhiteElo "2335"]
[BlackElo "2205"]
[PlyCount "60"]
[EventDate "2015.07.20"]
[EventType "swiss"]
[EventRounds "9"]
[EventCountry "ESP"]
[Source "lmi"]
[SourceDate "2015.07.20"]

1. d4 Nf6 2. c4 g6 3. Nf3 Bg7 4. g3 O-O 5. Bg2 d6 6. O-O Nbd7 7. Nc3 c5 8. b3
Rb8 9. Bb2 a6 10. a4 b6 11. e4 Bb7 12. Re1 Ne8 13. Rb1 Nc7 14. Nd5 e6 15. Nxc7
Qxc7 16. Qd2 cxd4 17. Bxd4 e5 18. Ba1 Nc5 19. Qc2 f5 20. exf5 gxf5 21. Nd2 e4
22. Re3 Nd3 23. Bxg7 Qxg7 24. Nf1 b5 25. axb5 axb5 26. Rd1 Rfc8 27. Rexd3 exd3
28. Qxd3 Bxg2 29. Kxg2 bxc4 30. bxc4 Qb7+ 1/2-1/2

[Event "España ch-2015 sub-16"]
[Site "Salobreña ESP"]
[Date "2015.07.24"]
[Round "7.2"]
[White "Lopez Mulet, Iñigo"]
[Black "Domingo Nunez, Alejandro"]
[Result "1/2-1/2"]
[WhiteElo "2345"]
[BlackElo "2197"]
[PlyCount "66"]
[EventDate "2015.07.20"]
[EventType "swiss"]
[EventRounds "9"]
[EventCountry "ESP"]
[Source "lmi"]
[SourceDate "2015.07.20"]

1. d4 Nf6 2. c4 g6 3. g3 Bg7 4. Bg2 O-O 5. Nc3 d6 6. Nf3 c5 7. d5 Nbd7 8. O-O
Rb8 9. Re1 a6 10. a4 b6 11. e4 Ne8 12. Bf4 Ne5 13. Nxe5 dxe5 14. Be3 Nd6 15.
Qe2 a5 16. Rac1 f5 17. f4 fxe4 18. fxe5 Bxe5 19. Nxe4 Nxe4 20. Bxe4 Bd7 21. b3
Qc7 22. Bg2 Rf7 23. Rf1 Rbf8 24. Rxf7 Rxf7 25. Rf1 Qd6 26. Rxf7 Kxf7 27. Be4
Qf6 28. Kg2 Bd6 29. Bh6 Qe5 30. Qf3+ Qf6 31. h4 Qxf3+ 32. Kxf3 Be5 33. g4 Bd6
1/2-1/2

[Event "España ch-2015 sub-16"]
[Site "Salobreña ESP"]
[Date "2015.07.24"]
[Round "7.3"]
[White "Santos Ruiz, Miguel"]
[Black "Portela Peleteiro, Alberto"]
[Result "1/2-1/2"]
[WhiteElo "2329"]
[BlackElo "2105"]
[PlyCount "60"]
[EventDate "2015.07.20"]
[EventType "swiss"]
[EventRounds "9"]
[EventCountry "ESP"]
[Source "lmi"]
[SourceDate "2015.07.20"]

1. e4 e5 2. Nf3 d6 3. d4 exd4 4. Nxd4 Nf6 5. Nc3 Be7 6. g3 O-O 7. Bg2 Re8 8.
O-O Bf8 9. h3 c6 10. b3 Nbd7 11. Bb2 Nc5 12. Re1 a5 13. a4 g6 14. f4 d5 15.
exd5 cxd5 16. Rxe8 Qxe8 17. Ndb5 Qe3+ 18. Kh2 Nce4 19. Qe1 Qxe1 20. Rxe1 Be6
21. Nxe4 Nxe4 22. Bxe4 dxe4 23. Rxe4 Rd8 24. Rd4 Rc8 25. Rd2 Bf5 26. Nd4 Be4
27. c4 Bb4 28. Re2 f5 29. Kg1 Kf7 30. Kf2 Rd8 1/2-1/2

[Event "España ch-2015 sub-16"]
[Site "Salobreña ESP"]
[Date "2015.07.24"]
[Round "7.4"]
[White "Povill Claros, Xavier"]
[Black "Perez Garcia, Alejandro"]
[Result "1-0"]
[WhiteElo "2107"]
[BlackElo "2322"]
[PlyCount "141"]
[EventDate "2015.07.20"]
[EventType "swiss"]
[EventRounds "9"]
[EventCountry "ESP"]
[Source "lmi"]
[SourceDate "2015.07.20"]

1. e4 d6 2. d4 Nf6 3. Nc3 e5 4. Nf3 Nbd7 5. Bc4 Be7 6. a4 O-O 7. O-O c6 8. a5
Rb8 9. Qe2 exd4 10. Nxd4 Re8 11. Ba2 Bf8 12. Bf4 Nc5 13. Qc4 Ne6 14. Nxe6 Bxe6
15. Qd4 Bxa2 16. Rxa2 b5 17. axb6 Qxb6 18. Rd1 Re6 19. Qxb6 Rxb6 20. f3 Rb4 21.
Bg3 g6 22. b3 Nh5 23. Rxa7 Nxg3 24. hxg3 f5 25. Kf1 Bg7 26. exf5 gxf5 27. Ne2
d5 28. Ra8+ Kf7 29. Ra7+ Kg8 30. Ra8+ Kf7 31. Rc8 Be5 32. Kf2 h6 33. Re1 Rb6
34. Ra8 c5 35. Nf4 Bxf4 36. gxf4 c4 37. bxc4 dxc4 38. Ra7+ Kf6 39. Rh7 Rxe1 40.
Rxh6+ Ke7 41. Rh7+ Kd6 42. Kxe1 Rb1+ 43. Kd2 Rg1 44. Rg7 Kd5 45. Kc3 Re1 46.
Rd7+ Kc6 47. Rd4 Rg1 48. Rd2 Kc5 49. Re2 Kd5 50. Re5+ Kd6 51. Kxc4 Rxg2 52. c3
Rf2 53. Rxf5 Rxf3 54. Rd5+ Kc6 55. Rd4 Re3 56. Kb4 Re1 57. c4 Rb1+ 58. Kc3 Rc1+
59. Kd3 Kc5 60. Rd5+ Kc6 61. Re5 Rd1+ 62. Ke4 Rc1 63. c5 Rh1 64. Kf5 Rf1 65.
Kg5 Rg1+ 66. Kf6 Rf1 67. f5 Rf2 68. Kg6 Rg2+ 69. Kf7 Rg5 70. Ke6 Rg1 71. f6 1-0

[Event "España ch-2015 sub-16"]
[Site "Salobreña ESP"]
[Date "2015.07.24"]
[Round "7.5"]
[White "Palenciano Escolar, Adrian"]
[Black "Laiz Ibanez, Hector"]
[Result "1/2-1/2"]
[WhiteElo "2108"]
[BlackElo "2180"]
[PlyCount "76"]
[EventDate "2015.07.20"]
[EventType "swiss"]
[EventRounds "9"]
[EventCountry "ESP"]
[Source "lmi"]
[SourceDate "2015.07.20"]

1. d4 Nf6 2. Bg5 d5 3. Bxf6 exf6 4. e3 Bd6 5. c4 dxc4 6. Bxc4 O-O 7. Nf3 Qe7 8.
Nbd2 Nd7 9. O-O c5 10. Nb3 cxd4 11. Nbxd4 Ne5 12. Qe2 Nxc4 13. Qxc4 Bd7 14.
Rac1 a6 15. Qd3 Rfd8 16. Nf5 Bxf5 17. Qxf5 Qe6 18. Qxe6 fxe6 19. Rfd1 Kf7 20.
Kf1 Ke7 21. Rc2 Rac8 22. Rdc1 Kd7 23. Nd4 Rxc2 24. Rxc2 Be5 25. Nf3 Bd6 26. e4
Rc8 27. Rxc8 Kxc8 28. Nd4 Kd7 29. Ke2 Be5 30. Kd3 Kd6 31. g3 g6 32. f4 Bxd4 33.
Kxd4 e5+ 34. Kd3 exf4 35. gxf4 g5 36. e5+ Ke6 37. Ke4 f5+ 38. Kf3 h6 1/2-1/2

[Event "España ch-2015 sub-16"]
[Site "Salobreña ESP"]
[Date "2015.07.24"]
[Round "7.6"]
[White "Alfaya Marcelo, Roberto"]
[Black "Nieves Cabanes, Jose Manuel"]
[Result "0-1"]
[WhiteElo "2097"]
[BlackElo "2180"]
[PlyCount "78"]
[EventDate "2015.07.20"]
[EventType "swiss"]
[EventRounds "9"]
[EventCountry "ESP"]
[Source "lmi"]
[SourceDate "2015.07.20"]

1. c4 Nf6 2. g3 e5 3. Bg2 h6 4. d3 Bb4+ 5. Bd2 Bxd2+ 6. Nxd2 O-O 7. Ngf3 Nc6 8.
O-O d6 9. Rb1 a5 10. b3 Bf5 11. a3 Qd7 12. b4 axb4 13. axb4 Rfe8 14. b5 Nd8 15.
Qc2 c6 16. bxc6 bxc6 17. Rb6 d5 18. e4 Bg4 19. Rfb1 dxe4 20. dxe4 Qc7 21. R6b2
Ne6 22. Rb7 Qd6 23. Nb3 Nc5 24. Nxc5 Qxc5 25. Nd2 Red8 26. Nb3 Qd6 27. f3 Be6
28. Bf1 Rd7 29. Rxd7 Nxd7 30. Qd2 Qc7 31. Ra1 Rxa1 32. Nxa1 Qa7+ 33. Kg2 Qxa1
34. Qd6 Qb2+ 35. Kg1 Qd4+ 36. Qxd4 exd4 37. f4 f5 38. e5 c5 39. Kf2 Nb6 0-1

[Event "España ch-2015 sub-16"]
[Site "Salobreña ESP"]
[Date "2015.07.24"]
[Round "7.7"]
[White "Lopez Rivera, Jesus"]
[Black "Serra Canals, Oriol"]
[Result "1-0"]
[WhiteElo "2163"]
[BlackElo "2100"]
[PlyCount "65"]
[EventDate "2015.07.20"]
[EventType "swiss"]
[EventRounds "9"]
[EventCountry "ESP"]
[Source "lmi"]
[SourceDate "2015.07.20"]

1. e4 e6 2. d4 d5 3. Nc3 Bb4 4. a3 Bxc3+ 5. bxc3 dxe4 6. Qg4 Nf6 7. Qxg7 Rg8 8.
Qh6 Rg6 9. Qe3 Nbd7 10. Ne2 e5 11. Bb2 Qe7 12. Ng3 exd4 13. cxd4 Nd5 14. Qb3
N7b6 15. c4 Nf6 16. O-O-O Ng4 17. Rd2 f5 18. f3 Nf6 19. fxe4 fxe4 20. Be2 Bd7
21. Re1 O-O-O 22. d5 Re8 23. Bd4 Ba4 24. Qb4 Qxb4 25. axb4 c6 26. d6 Bb3 27.
Bxb6 axb6 28. Kb2 Ba4 29. Bh5 Kd7 30. Bxg6 hxg6 31. Rde2 Ng4 32. Nxe4 Rf8 33.
Ng5 1-0

[Event "España ch-2015 sub-16"]
[Site "Salobreña ESP"]
[Date "2015.07.24"]
[Round "7.8"]
[White "Salagran Ferragut, Guillem"]
[Black "Escudero Manzano, Sergio"]
[Result "1/2-1/2"]
[WhiteElo "1983"]
[BlackElo "2153"]
[PlyCount "97"]
[EventDate "2015.07.20"]
[EventType "swiss"]
[EventRounds "9"]
[EventCountry "ESP"]
[Source "lmi"]
[SourceDate "2015.07.20"]

1. e4 c5 2. Nf3 e6 3. d4 cxd4 4. Nxd4 a6 5. c4 Nf6 6. Nc3 Bb4 7. Bd2 Bxc3 8.
Bxc3 Nxe4 9. Qg4 Nxc3 10. Qxg7 Rf8 11. bxc3 Qa5 12. Nb3 Qf5 13. Qg3 Nc6 14. c5
b6 15. cxb6 Rb8 16. Be2 Rxb6 17. O-O Qe5 18. Qd3 Rg8 19. f4 Qg7 20. Bf3 Ne7 21.
Rae1 Bb7 22. Bxb7 Rxb7 23. Re2 Rc7 24. Rf3 f5 25. Nd4 Kf7 26. Rg3 Qf6 27. Rh3
Rg7 28. Nf3 Nd5 29. Qd2 Kg8 30. Ne5 d6 31. c4 Nxf4 32. Qxf4 dxe5 33. Qxe5 Qxe5
34. Rxe5 Rxc4 35. Rhe3 Rcg4 36. Re2 Kf7 37. Ra5 f4 38. Rf2 Kf6 39. Rxa6 Kf5 40.
Ra8 e5 41. a4 Ke4 42. Kf1 R4g6 43. Re2+ Kf5 44. a5 Rb7 45. Kf2 Rb3 46. Ra2 e4
47. Rf8+ Ke5 48. Re8+ Kf5 49. Rf8+ 1/2-1/2

[Event "España ch-2015 sub-16"]
[Site "Salobreña ESP"]
[Date "2015.07.24"]
[Round "7.9"]
[White "Roldan Marques, Daniel"]
[Black "Jimenez Ruano, Adrian"]
[Result "1-0"]
[WhiteElo "2145"]
[BlackElo "2053"]
[PlyCount "71"]
[EventDate "2015.07.20"]
[EventType "swiss"]
[EventRounds "9"]
[EventCountry "ESP"]
[Source "lmi"]
[SourceDate "2015.07.20"]

1. d4 d5 2. c4 e6 3. Nc3 c6 4. Nf3 Nf6 5. cxd5 exd5 6. Bg5 Be7 7. Qc2 Nbd7 8.
e3 O-O 9. Bd3 Re8 10. O-O h6 11. Bh4 Ne4 12. Bxe7 Qxe7 13. Bxe4 dxe4 14. Nd2
Nf6 15. Rab1 b5 16. b4 Bd7 17. a3 a5 18. Rfc1 axb4 19. axb4 Rac8 20. Qb2 Bf5
21. Ra1 h5 22. Ra6 Ng4 23. h3 Nh6 24. Ne2 Qg5 25. Nf4 Bd7 26. Ra7 Rcd8 27. Rc5
Nf5 28. Re5 Rxe5 29. dxe5 Qh4 30. Nxe4 Nxe3 31. g3 Nc4 32. Qc3 Qe7 33. e6 fxe6
34. Nc5 Qd6 35. Nfxe6 Qd1+ 36. Kh2 1-0

[Event "España ch-2015 sub-16"]
[Site "Salobreña ESP"]
[Date "2015.07.24"]
[Round "7.10"]
[White "Ortega Lopez, Mikel"]
[Black "Galiana Fernandez, Adrian"]
[Result "1/2-1/2"]
[WhiteElo "2141"]
[BlackElo "2004"]
[PlyCount "146"]
[EventDate "2015.07.20"]
[EventType "swiss"]
[EventRounds "9"]
[EventCountry "ESP"]
[Source "lmi"]
[SourceDate "2015.07.20"]

1. e4 c5 2. Nf3 d6 3. d4 cxd4 4. Nxd4 Nf6 5. Nc3 e6 6. Be3 Be7 7. f3 Nc6 8. Qd2
O-O 9. O-O-O d5 10. Be2 Bb4 11. a3 Ba5 12. Nb3 dxe4 13. Nxa5 Qxa5 14. Nxe4
Qxd2+ 15. Rxd2 Nxe4 16. fxe4 Rd8 17. Rxd8+ Nxd8 18. Rd1 Nc6 19. Bb5 Kf8 20. Rd6
Ke7 21. Bc5 Kf6 22. Rxc6 bxc6 23. Bxc6 Rb8 24. Bxa7 Rb7 25. Bxb7 Bxb7 26. b4
Ke5 27. c3 Kxe4 28. Kd2 Ba6 29. a4 Bc4 30. b5 Kd5 31. Ke3 e5 32. g3 f5 33. Bb8
g5 34. b6 Ba6 35. c4+ Kxc4 36. Bxe5 Kd5 37. Bf6 g4 38. Kf4 Ke6 39. Kg5 Bb7 40.
Bc3 Ba6 41. Kh6 Kf7 42. Kxh7 Bb7 43. Kh6 Ba6 44. Kg5 Ke6 45. Kg6 Bb7 46. Kg7
Ke7 47. a5 Ba6 48. Bb4+ Ke6 49. Kf8 Kd7 50. Kf7 Kc6 51. Ke6 Bd3 52. Bd2 Kb7 53.
Be3 Be4 54. Kd6 Bd3 55. Kd5 Bc2 56. Ke5 Bb1 57. Bf4 Bc2 58. Kd4 Bb1 59. Kd5
Be4+ 60. Ke6 Bb1 61. Ke5 Bc2 62. Ke6 Bb1 63. Kf6 Bc2 64. Ke5 Bb1 65. Kd5 Be4+
66. Kd4 Bb1 67. Ke3 Bc2 68. Kd4 Bb1 69. Ke3 Bc2 70. Kd2 Bb1 71. Kc3 Be4 72. Kc4
Bb1 73. Kd4 Bc2 1/2-1/2

[Event "España ch-2015 sub-16"]
[Site "Salobreña ESP"]
[Date "2015.07.24"]
[Round "7.11"]
[White "Centron Antuna, Daniel"]
[Black "Antunez Munoz, Ines"]
[Result "1/2-1/2"]
[WhiteElo "2113"]
[BlackElo "1873"]
[PlyCount "77"]
[EventDate "2015.07.20"]
[EventType "swiss"]
[EventRounds "9"]
[EventCountry "ESP"]
[Source "lmi"]
[SourceDate "2015.07.20"]

1. Nf3 d5 2. g3 Nf6 3. Bg2 Bg4 4. O-O e6 5. d3 Be7 6. c4 c6 7. Nbd2 Nbd7 8. Rb1
a5 9. a3 O-O 10. b4 axb4 11. axb4 Qc7 12. Qb3 b5 13. h3 bxc4 14. dxc4 Bf5 15.
Rb2 Rfb8 16. b5 Nc5 17. Qd1 Na4 18. Rb3 dxc4 19. Nxc4 cxb5 20. Ne3 Be4 21. Qd4
Bc5 22. Qe5 Qxe5 23. Nxe5 Bxg2 24. Kxg2 b4 25. Nd3 Be7 26. Nc2 Nd5 27. e4 Ndc3
28. Bf4 Rb7 29. Ncxb4 Nxe4 30. Ra1 Bxb4 31. Rxb4 Rxb4 32. Nxb4 Nb6 33. Rxa8+
Nxa8 34. f3 Nf6 35. Nc6 Nd5 36. Bd6 Nab6 37. Bc5 Nd7 38. Bd4 h6 39. f4 1/2-1/2